| 000 | 01091nam a2200241Ia 4500 | ||
|---|---|---|---|
| 001 | 23763 | ||
| 003 | GE_BSU | ||
| 008 | 181216s||||||||xx |||||||||||||| ||und|| | ||
| 040 | _cGE_BSU | ||
| 080 | _a94(=411.16)(479.22) | ||
| 100 | _aჭიჭინაძე, ზაქარია | ||
| 245 | _aქართველი ებრაელები საქართველოში | ||
| 245 | _cგამოსაც. მოამზადა და ბოლოსიტყვ. დაურთო ვ. ჩიქოვანმა. მხატვ. გ. ლომიძე | ||
| 260 | _aთბილისი | ||
| 260 | _bმეცნიერება | ||
| 260 | _c1990 | ||
| 300 | _a96 გვ. ; 21 სმ. | ||
| 541 | _h0,50თ. | ||
| 653 | _aისტორია | ||
| 653 | _aქართველი ებრაელები საქართველოში | ||
| 653 | _aქართველი ებრაელების ყოფა და ტრადიციები; ებრაელები საქართველოში | ||
| 942 | _cBK | ||
| 999 |
_c56641 _d56641 |
||